000 00479nam a2200193Ia 4500
005 20250923144443.0
008 008 250917s9999 xx 000 0 eng d
037 _aTextual
040 _aDSWL
_beng
_cDSWL
041 _aeng
_2eng
084 _qDSWL
245 0 _aNational sample survey no.3 Aug-Nov -1951
260 _aNew York
_b Service Association
_c1954
300 _a84p.
365 _aINR
_b26
925 _g26
942 _cTEXL
999 _c1439070
_d1439070